00772nam a2200181 a 450000100100000000500170001000800410002704000250006811101290009324500660022226000570028830000200034549000270036550000420039283000340043495201050046899900170057300003817920201002031204.0130320s1990 dr 000 0 spa d aDO-SdBNPbspacBNPHU1 aSeminario sobre legislación educativa, antecedentes, realidad y perpectivasd(1990 : diciembre. 13cSanto Domingo )96454900aReflexiones en torno a la legislación educativa dominicana. aSanto Domingo :bPlan Decenal de Educación,c1990. a94 p. ;c23 cm.1 aRefleciones en eventos aIncluye notas al pie de las páginas 0aRefleciones en eventos964550 0010718PDaPDbPDcCTd2013-03-20iLF1l0o p38179-10r2020-06-25w2020-06-25yLFPDZNo se presta c37669d37669